| 000 | 00408nam a22001577a 4500 | ||
|---|---|---|---|
| 020 | _a9780471320579 | ||
| 040 | _cNUST | ||
| 082 | _a530 RES | ||
| 100 |
_aResnick, Robert: _98684 |
||
| 110 |
_aHalliday, David. Krane, Kenneth.S _999972 |
||
| 245 | _aPhysics:Vol-1 | ||
| 250 | _a5th Edition | ||
| 260 |
_aNew york: _bJohn Willey & Sons, _c2002. |
||
| 650 |
_aPhysics.NUSTTB2022 _9102794 |
||
| 942 |
_2ddc _cBK |
||
| 999 |
_c591394 _d591394 |
||